000 00552nam a2200193Ia 4500
001 68642
008 150918s9999 xx 000 0 und d
020 _a9780870448669
040 _cPK-LaUMT
082 _aRCC 508
_bECK-F
100 _aEckstrom, Christine K.
245 _aForgotten edens
_bexploring the world's wild places
_cEckstrom, Christine K.|Lanting, Frans
260 _aWashington,USA:
_bNational Geographic Society,
_c1993
300 _a202 p.
546 _aEN
650 _aWild animal places
700 _aLanting, Frans
942 _cBK
999 _c76220
_d76220